Морьт ажаагийн хүү (Бичлэгийн дугаар. 1101987)
[ энгийн харах ]
| 000 -Удирдлага | |
|---|---|
| Ном зүйн бүртгэл тоо буюу кодлох утгыг агуулсан | 00727nam a22002177a 4500 |
| 008 - ЕРӨНХИЙ МЭДЭЭЛЭЛ-ЭЛЕМЕНТҮҮДИЙН ӨГӨГДЛИЙН УРТ | |
| fixed length control field | 240706b mp ||||| |||| 00| 0 mon d |
| 035 ## - СИСТЕМИЙН ХЯНАЛТЫН ДУГААР | |
| Системийн хяналтын дугаар | 2387 |
| 040 ## - ЭХ СУРВАЛЖИЙГ ТОДОРХОЙЛОН БИЧИХ | |
| Анхны каталогийн байгууллага | BH0164090 |
| Каталогийн хэл | Монгол |
| Бичлэг хийж нэвтрүүлэх байгууллага | MN-UlNLM |
| Өөрчлүүлэх байгууллага | MN-UlNLM |
| Бичиглэлийн тодорхойлолт | rda |
| 041 ## - ХЭЛНИЙ КОД | |
| Текстийн хэлний код/фонограм буюу салангид гарчиг | Монгол |
| 042 ## - AUTHENTICATION CODE | |
| Authentication code | 52012 |
| 084 ## - БУСАД АНГИЛЛЫН ДУГААР | |
| Ангиллын нэр | Номын сан номзүйн ангилал |
| Анги | 84/5мон/-4 |
| Зохиогчийн 3-н тэмдэгт | Б-259 |
| 100 ## - ЗОХИОГЧИЙН ХЭСЭГ | |
| Зохиогчийн нэр | Банзрагч Д. |
| 245 #0 - ҮНДСЭН ГАРЧИГ | |
| Гарчиг | Морьт ажаагийн хүү |
| 264 ## - ГАРАЛТЫН МЭДЭЭ | |
| Хэвлэгдсэн газар | Улаанбаатар |
| Бүтээгч, хэвлэгч, түгээгч, үйлдвэрлэгчийн нэр | Ардын Боловсролын Яамны х |
| Хэвлэгдсэн он | 1982 |
| 300 ## - ТООНЫ МЭДЭЭ | |
| Хуудасны тоо | 16х. |
| 336 ## - АГУУЛГЫН ТӨРӨЛ | |
| Нөөц | rdacontent |
| Агуулгын төрлийн нөхцөл | text |
| Агуулгын төрлийн код | txt |
| 337 ## - MEDIA TYPE | |
| Эх сурвалж | rdamedia |
| Файлын төрөл | unmediated |
| Файлын код | n |
| 338 ## - CARRIER TYPE | |
| Source | rdacarrier |
| Carrier type term | volume |
| Carrier type code | nc |
| 650 ## - Сэдэв | |
| Сэдэв | сургуулийн өмнөх насныханд зориулсан зурагт ном |
| 942 ## - ЭЛЕМЕНТИЙН ТӨРӨЛ | |
| Анги | Номын сан номзүйн ангилал |
| Төрөл | Ном |
| Буцаан татагдсан төлөв | Хасагдсан шалтгаан | Гэмтсэн төлөв | Данс заагч | Захиалах боломжгүй | Үндсэн номын сан | Одоогийн байршил | Салбар танхим | Салбар танхим | Бүртгэсэн огноо | Тавиурын заалт | Баркод | Үнэ | Хамгийн сүүлд байсан огноо | Нийт уншлаганд гарсан тоо | Дансны дугаар | Төрөл |
|---|---|---|---|---|---|---|---|---|---|---|---|---|---|---|---|---|
| Баянхонгор | Баянхонгор | Баянхонгор | Монгол фонд | Баянхонгор | Монгол фонд | 2024-07-07 | 84/5мон/-4 Б-259 | BH0162387-1-1 | 235.00 | 2024-07-07 | 28195 | Ном | ||||||
| Баянхонгор | Баянхонгор | Баянхонгор | Хүүхдийн уншлагын танхим | Баянхонгор | Хүүхдийн уншлагын танхим | 2024-07-07 | 84/5мон/-4 Б-259 | BH0162387-2-2 | 120.00 | 2024-07-07 | 39849 | Ном | ||||||
| Баянхонгор | Баянхонгор | Баянхонгор | Монгол фонд | Баянхонгор | Монгол фонд | 2024-07-07 | 84/5мон/-4 Б-259 | BH0162387-3-2 | 235.00 | 2024-07-07 | 33869 | Ном |